000 02415nam0a2200445 4500
001 RU\NLR\bibl\984020
005 20250614215318.0
010 _a5-7246-0372-1
021 _aRU
_b2006-42101
_92103
035 _a(nilc)RSL-KNO-002911091
035 _a(NLR Aleph) 000971897
090 _a404511
_c404511
100 _a20060724d2006 |||y0rusy50 ca
101 0 _arus
102 _aRU
105 _aa |||||||||
106 _ar
200 1 _aКабели, провода, материалы для кабельной индустрии
_dCables, wires, materials for cable industry
_eтехнический справочник
_f[авт. и сост.: Кузенев Виктор Юрьевич, Крехова Ольга Владимировна]
_zeng
205 _a3-е изд., [доп. и перераб.]
210 _aМосква
_cНКП "Эллипс"
_cНефть и газ
_d2006
215 _a360 с.
_cил., табл.
_d26
320 _aАлф. указ. кабел. продукции по маркам: с. 356-360
510 0 _aCables, wires, materials for cable industry
_zeng
606 1 _aКабели
_jСправочники
_91309263
_3RU\NLR\auth\66226255
606 1 _aЭлектрические провода
_jСправочники
_91175471
_3RU\NLR\auth\66154639
606 1 _aЭлектротехнические материалы
_jСправочники
_91180238
_3RU\NLR\auth\66157171
610 0 _aЭнергетика -- Электроэнергетика. Электротехника -- Электротехнические материалы и изделия -- Проводниковые материалы и изделия -- Кабельные изделия -- Справочник
610 0 _aРадиоэлектроника -- Общая радиотехника -- Радиотехнические материалы и изделия -- Проводниковые материалы и изделия -- Кабельные изделия -- Справочник
610 0 _aпровода
610 0 _aкабели
686 _aЗ232.3я22
_2rubbk
686 _aЗ843.23я22
_2rubbk
686 _aЗ23я22
702 1 _aКузенев
_bВ. Ю.
_gВиктор Юрьевич
_4220
801 0 _aRU
_bРКП
_c20060724
_grcr
801 1 _aRU
_bРГБ
_c20060724
801 2 _aRU
_bNLR
_c20060914
_grcr
942 _cBOOK
980 _aNB